[Event "SVK-ch U12"]
[Site "Liptovsky Mikulas"]
[Date "2017.04.22"]
[Round "1"]
[White "Kubik, Richard"]
[Black "Sobek, Michal"]
[Result "0-1"]
[WhiteElo "1369"]
[BlackElo "1958"]
[PlyCount "54"]
[EventDate "2017.04.22"]
[EventType "swiss"]
[EventRounds "9"]
[EventCountry "SVK"]
[SourceTitle "CBM 178 Extra"]
[Source "ChessBase"]
[SourceDate "2017.06.22"]
[SourceVersion "1"]
[SourceVersionDate "2017.06.22"]
[SourceQuality "1"]

1. e4 d5 2. exd5 Qxd5 3. Nc3 Qd6 4. Bc4 Nf6 5. d3 a6 6. Nge2 Nc6 7. Bf4 e5 8. Be3 Bg4 9. f3 Bh5 10. Qd2 0-0-0 11. 0-0-0 Bg6 12. Rhf1 Qd7 13. Ng3 Bb4 14. a3 Bxc3 15. Qxc3 Nd5 16. Bxd5 Qxd5 17. Qc5 Qa2 18. Qc3 f5 19. f4 e4 20. Qxg7 exd3 21. cxd3 Qd5 22. Rf2 Rhe8 23. Re2 Re6 24. Qc3 Na5 25. Kb1 Rc6 26. Qe5 Qb3 27. Rdd2 Bf7 0-1